| 000 | 00994naa a2200265 c 4500 | ||
|---|---|---|---|
| 001 | 42732 | ||
| 003 | ES-MaCES | ||
| 005 | 20140923144328.0 | ||
| 008 | 120507n2009 sp t 0|0 | spa d | ||
| 035 | _aCES20120003429v | ||
| 040 |
_aES-MaCES _bspa _cES-MaCES |
||
| 100 | 1 |
_aVilla Gil, Luis Enrique de la _925895 |
|
| 245 | 1 | 3 |
_aLa aportación del profesor José Vida Soria al ordenamiento español de la Seguridad Social _cLuis Enrique de la Villa Gil |
| 600 | 1 | 4 |
_aVida Soria, José _925836 |
| 650 | 4 |
_aEspaña _926964 |
|
| 650 | 4 |
_areforma de la seguridad social _930668 |
|
| 650 | 4 |
_aasistencia social _929003 |
|
| 650 | 4 |
_alegislación de seguridad social _929855 |
|
| 650 | 4 |
_aseguridad social _927034 |
|
| 653 | 1 | 0 | _aSeguridad Social |
| 773 | 0 |
_tLa Seguridad Social a la luz de sus reformas pasadas, presentes y futuras _gp. 3-42 SR.- 6.0.1. - 54 _w(ES-MaCES)21026 |
|
| 902 | _aARL Artículo de libro | ||
| 942 |
_2CES _cAR _h3.0. |
||
| 999 |
_c42732 _d42732 |
||